=LDR 00000nam 2200000 4500 =001 001016 =005 20250712025838 =035 ##$$a 0010-0725000895 =007 ta =008 250712################a##########0#ind## =020 ##$$a 978-623-307-029-4 =082 ##$$a 398. 209 598 =084 ##$$a 398. 209 598 OKT a =100 #$$a Oktavia, Wenny =245 1#$$a Ada Jejak Di Kaki Ciremai /$c Wenny Oktavia =250 ##$$a Cetakan Kedua =260 ##$$a Jakarta Timur :$b Badan Pengembangan dan Pembinaan Bahasa,$c 2024 =300 ##$$a 28 hlm. : $b Ilus. ; $c 29,7 cm =650 #4$$a Cerita Anak-Indonesia =650 #4$$a KOMIK =990 ##$$a TBM2024006253